Statistics for Ariana Grande Trivia

Click here to take the quiz!

General Stats

  • This quiz has been taken 757 times
  • The average score is 15 of 25

Answer Stats

QuestionAnswer% Correct
What was the name of her character on Victorious?Cat Valentine
96%
What is her half brother's name?Frankie J Grande
92%
What is her full name?Ariana Grande-Butera
91%
What is the name of her third album?Dangerous Woman
87%
What is the name of her second album?My Everything
87%
What is the name of her first album?Yours Truly
86%
What state was she born in?Florida
85%
What is her mother's name?Joan Grande
80%
What is the name of Ariana's first individual song?Put Your Hearts Up
75%
What is her boyfriend's name?Mac Miller
73%
What does she call her grandmother?Nonna
72%
When was she born?26 June 1993
67%
What singer is she normally compared to?Mariah Carey
65%
What diet does she strictly follow?Veganism
64%
What is her snapchat username?moonlightbae
60%
What is her favourite fruit?Strawberry
55%
What kind of chocolate is she allergic to?Dark
50%
What are the names of two of her back up dancers who are twins?Brian and Scott
39%
What character did she play in Hairspray Live?Penny Pingleton
36%
What is the name of her new app?AriMoji
33%
Who was originally supposed to sing her song 'Baby I'?Beyonce
29%
Name one of her fashion iconsAudrey Hepburn/Marilyn Monroe
18%
What is the name of the compilation album she released exclusively for Japan?The Best
13%
What was the original name of her YouTube channel?osnapitzari
12%
What is the name of her line which she created alongside MAC?Viva Glam
12%

Score Distribution

Percentile by Number Answered

Percent of People with Each Score

Your Score History

You have not taken this quiz